How the Greek politicians and intellectuals imagined the vision of a European Union during the interwar period 1920-1940

Saved in:
Bibliographic Details
Main Author: Γενιτσαριώτου, Βασιλεία
Corporate Author: Πανεπιστήμιο Αιγαίου. Σχολή Κοινωνικών Επιστημών. Τμήμα Κοινωνιολογίας. Μεταπτυχιακό Πρόγραμμα Σπουδών Ευρωπαϊκές Κοινωνίες και Ευρωπαϊκή Ολοκλήρωση
Format: Thesis Book
Language:English
Published: 2011.
Subjects:
Online Access:http://hdl.handle.net/11610/14545
Tags: Add Tag
No Tags, Be the first to tag this record!

MARC

LEADER 00000cam a2200000 i 4500
001 1/20724
008 120619s2011 gr | ||| |||| ||eng||
035 |l 10112755 
040 |a GR-MyUa  |b gre  |e AACR2 
041 0 |a eng 
082 7 |a 320.9495   |2 (22) 
100 1 |a Γενιτσαριώτου, Βασιλεία. 
245 1 0 |a How the Greek politicians and intellectuals imagined the vision of a European Union during the interwar period 1920-1940 /   |c Genitsariotou Vassilia ; professor: Griforiou P. 
260 |c 2011. 
300 |a 59 σ. ;   |c 30 εκ. 
500 |a Βιβλιογραφία: σ. 57-59. 
502 |a Διατριβή (μεταπτυχιακή) – Πανεπιστήμιο Αιγαίου, Λέσβος, 2011. 
610 2 0 |a European Union  |z Greece. 
650 0 |a Dissertations, Academic  |z Greece. 
651 0 |a Greece  |x Politics and government  |y 1917-1935. 
700 1 |a Γρηγορίου, Παναγιώτης Γ.  |e dgs 
710 2 |a Πανεπιστήμιο Αιγαίου.   |b Σχολή Κοινωνικών Επιστημών.   |b Τμήμα Κοινωνιολογίας.   |b Μεταπτυχιακό Πρόγραμμα Σπουδών Ευρωπαϊκές Κοινωνίες και Ευρωπαϊκή Ολοκλήρωση. 
852 |a INST  |b LESVOS  |c DIATR  |e 20120619  |h 29  |p 005100050284  |q 005100050284  |t MTXE  |y 23 
852 |a INST  |b LESVOS  |c DIATR  |e 20120619  |h 30  |p 005100050283  |q 005100050283  |t MTXE  |y 23 
856 |u http://hdl.handle.net/11610/14545 
901 |a BIBL1-2012-2 
924 |a Γενιτσαριώτου  |b Βασιλεία  |y Λέσβος  |z 2012-02 
970 |a Τζαφέρη  |b Ευαγγελία  |z 19/06/2012